Prevalence of parasite and treatment in dogs at animal clinic of department of agriculre in phnom phen, កន្រិតរាលដាលនៃបរ់សិត និងការព្យាបាលលើសត្វសុខននៅឃ្លីនិច (ផ្នែកពិនិត្យ និងព្យាបាលសត្វ)នៃមន្ទីរកសិកម្មរាជធានីភ្នំពេញ. (Record no. 2513)

000 -LEADER
fixed length control field 00781nam a22001577a 4500
003 - CONTROL NUMBER IDENTIFIER
control field OSt
005 - DATE AND TIME OF LATEST TRANSACTION
control field 20151022152419.0
008 - FIXED-LENGTH DATA ELEMENTS--GENERAL INFORMATION
fixed length control field 151022b xxu||||| |||| 00| 0 eng d
040 ## - CATALOGING SOURCE
Transcribing agency RUA
082 ## - DEWEY DECIMAL CLASSIFICATION NUMBER
Classification number AVM OU 2011 B100 Or.1
100 ## - MAIN ENTRY--PERSONAL NAME
9 (RLIN) 2688
Personal name OU, TEKEING.
245 ## - TITLE STATEMENT
Title Prevalence of parasite and treatment in dogs at animal clinic of department of agriculre in phnom phen, កន្រិតរាលដាលនៃបរ់សិត និងការព្យាបាលលើសត្វសុខននៅឃ្លីនិច (ផ្នែកពិនិត្យ និងព្យាបាលសត្វ)នៃមន្ទីរកសិកម្មរាជធានីភ្នំពេញ.
260 ## - PUBLICATION, DISTRIBUTION, ETC. (IMPRINT)
Place of publication, distribution, etc. phnom phen
Name of publisher, distributor, etc. RUA
Date of publication, distribution, etc. 2011
300 ## - PHYSICAL DESCRIPTION
Extent VIII,36p.
942 ## - ADDED ENTRY ELEMENTS (KOHA)
Source of classification or shelving scheme
Koha item type AVM
Holdings
Price effective from Date last seen Permanent Location Not for loan Date acquired Source of classification or shelving scheme Koha item type Lost status Withdrawn status Total Renewals Date last checked out Total Checkouts Shelving location Damaged status Barcode Current Location Full call number
2015-10-222015-10-22Library Block B 2015-10-22 AVM     B100  RUA017221Library Block BAVM OU 2011 B100 Or.1
2015-10-222015-10-22Library Block B 2015-10-22 AVM     B100 RUA019301Library Block BAVM OU 2011 B100 Or.2
2015-10-222015-10-22Library Block B 2015-10-22 AVM     B100 RUA019373Library Block BAVM OU 2011 B100 Or.3
2015-10-222015-10-22Library Block B 2015-10-22 AVM     B100 RUA016252Library Block BAVM OU 2011 B100 Or.4
2015-10-222017-07-15Library Block B 2015-10-22 AVM   2017-02-151B100 RUA016324Library Block BAVM OU 2011 B100 Or.5
2015-10-222021-07-28Library Block B 2015-10-22 AVM   2021-07-166B100 RUA015189Library Block BAVM OU 2011 B100 Or.6
2015-10-222019-01-28Library Block B 2015-10-22 AVM   2019-01-082B100 RUA015020Library Block BAVM OU 2011 B100 Or.7
2015-10-222015-10-22Library Block B 2015-10-22 AVM       A26154Library Block BAVM OU 2011 B100 Or.8
2015-10-222022-06-22Library Block B 2015-10-22 AVM  12022-05-113B100 RUA010802Library Block BAVM OU 2011 B100 Or.9
មជ្ឈមណ្ឌលឯការនៃសាកលវិទ្យាល័យភូមិន្ទកសិកម្មចំការដូង

Powered by Koha